Dinosaures de fiction - Statistiques

Statistiques générales
  • Ce quiz a été pris 40 fois
  • Le résultat moyen est 9 sur 26
Statistiques - réponses
Dinosaure de fiction Univers % Correct
Godzilla Godzilla
86%
Yoshi Mario
86%
Denver Denver, le Dernier Dinosaure
68%
Aladar Dinosaure
65%
Blue Jurassic World
62%
Ptyranidur Pokémon
62%
Arlo Le Voyage d'Arlo
59%
Casimir L'Ile aux enfants
54%
Petit Pied Le Petit Dinosaure
51%
Rex Toy Story
51%
Agumon Digimon
49%
Rudy L'Age de Glace
38%
Grimlock Transformers
24%
Gon Gon
19%
Buddy Le Dino Train
19%
Barney Barney
16%
Zippo Dinotopia
16%
Feroçosaure Dragon Ball
11%
Diego Brando Jojo's Bizarre Adventure
11%
Mr.Dinosaure Peppa Pig
11%
Earl Sinclair Dinosaurs
8%
Reptar Les Razmoket
8%
Enormosaure Ben 10
5%
Chomp Dinosaur King
5%
Zarax Les Tortues Ninja
3%
Herb Rue Sesame
0%
Aucun quiz correspondant
Distribution des résultats
% des personnes avec chaque résultat
Percentile par nombre de réponses
Votre historique - résultats
Vous n’avez pas pris ce quiz